A Mágnás Miska szerzője
Elmentve itt :
| Dokumentumtípus: | Cikk |
|---|---|
| Megjelent: |
1987-11-03
|
| Sorozat: | Délmagyarország
77 No. 259 |
| Kulcsszavak: | Kaszó Elek |
| Online Access: | http://dmarchiv.bibl.u-szeged.hu/95491 |
| LEADER | 00394nab a2200145 i 4500 | ||
|---|---|---|---|
| 001 | delm95491 | ||
| 005 | 20190916153956.0 | ||
| 008 | 190916s1987 hu o 0|| hun d | ||
| 040 | |a SZTE Délmagyarország Archívum |b hun | ||
| 041 | |a hun | ||
| 245 | 0 | 2 | |a A Mágnás Miska szerzője |h [elektronikus dokumentum] |
| 260 | |c 1987-11-03 | ||
| 300 | |a 12 | ||
| 490 | 0 | |a Délmagyarország |v 77 No. 259 | |
| 695 | |a Kaszó Elek | ||